00366 a2200109 450000100060000008200120000610000670001824501130008526000270019830000080022550000230023391542 aPR 1501 aJunaid Ali; Prof Wajih H. Hashmi and nauman Siddiqui, Advisors aTo Develop Linux Proxy Server Sharing Internet with other PC's Running Multiple Operating Systemsn56 "B" EC aRawalpindibNUSTc2002 a34p aBE Project Reports